000 00528nam a2200181Ia 4500
999 _c27732
_d27732
003 OSt
005 20201124112516.0
008 190216s9999||||xx |||||||||||||| ||und||
020 _a9788171307432
040 _coclc
082 _a894.8123
_bBAN/A
100 _aBannerji, Tarasankar
_96313
245 0 _aAarogya Nikethanam /
_cTarasankar Bannerji
260 _bD C Books Kerala,
_c1982.
_aKottayam:
300 _a367p
650 _aMalayalam Novel
942 _cBK
_2ddc
_h894.8123
_iBAN/A
_k894.8123
_mBAN/A